Ekonomická statistika pro studijní obor ekonomiky průmyslu
Enregistré dans:
| Auteur principal: | |
|---|---|
| Collectivité auteur: | |
| Autres auteurs: | |
| Format: | Livre |
| Langue: | tchèque |
| Publié: |
Praha
Státní pedagogické nakladatelství
1988
|
| Édition: | 2. přeprac. vyd. |
| Tags: |
Pas de tags, Soyez le premier à ajouter un tag!
|
MARC
| LEADER | 00000nam a2200000 4500 | ||
|---|---|---|---|
| 001 | c028550 | ||
| 005 | 20221219085108.1 | ||
| 041 | 0 | |a cze | |
| 044 | |a CZ | ||
| 245 | 1 | 0 | |a Ekonomická statistika pro studijní obor ekonomiky průmyslu |c Jaroslav Jílek, Eduard Souček |
| 250 | |a 2. přeprac. vyd. | ||
| 264 | 1 | |a Praha |b Státní pedagogické nakladatelství |c 1988 | |
| 300 | |a 249 s. | ||
| 100 | 1 | |a Jílek, Jaroslav | |
| 700 | 1 | |a Souček, Eduard | |
| 710 | 2 | |a Vysoká škola ekonomická v Praze. Výrobně ekonomická fakulta | |